[Event "Chess.com RCC Wk17 Swiss"]
[Site "chess.com INT"]
[Date "2022.06.04"]
[Round "8"]
[White "Dubov, Daniil"]
[Black "Hansen, Eric"]
[Result "1/2-1/2"]
[WhiteElo "2702"]
[BlackElo "2606"]
[PlyCount "132"]
[GameId "2130307575182102"]
[EventDate "2022.06.04"]
[EventType "swiss (rapid)"]
[EventRounds "9"]
[EventCountry "NET"]
[SourceTitle "The Week in Chess 1439"]
[Source "Mark Crowther"]
[SourceDate "2022.06.06"]
[SourceVersion "1"]
[SourceVersionDate "2022.06.06"]
[SourceQuality "2"]

1. d4 Nf6 2. c4 e6 3. Nf3 d5 4. g3 Bb4+ 5. Nbd2 O-O 6. Bg2 dxc4 7. Qc2 b5 8. a4 bxa4 9. O-O Bb7 10. Nxc4 Be4 11. Qxa4 a5 12. Bg5 Nbd7 13. Rfc1 c5 14. Nce5 cxd4 15. Nxd7 Qxd7 16. Bxf6 Qxa4 17. Rxa4 gxf6 18. Nxd4 Bxg2 19. Kxg2 Rfc8 20. Nc6 Rc7 21. Rc4 f5 22. Ra1 Rac8 23. Rac1 Kg7 24. R1c2 Kf6 25. f4 a4 26. Kf3 a3 27. bxa3 Bxa3 28. g4 fxg4+ 29. Kxg4 Kg7 30. e4 Kf8 31. Kg5 Kg7 32. Kh5 Kh8 33. e5 Bf8 34. h3 Bg7 35. Kg4 h6 36. f5 exf5+ 37. Kxf5 Kh7 38. h4 Bh8 39. h5 Bg7 40. Ke4 Kh8 41. Na5 Rxc4+ 42. Rxc4 Rxc4+ 43. Nxc4 Kg8 44. Kd5 Bf8 45. Nd6 Be7 46. Nf5 Bg5 47. Kd6 Kf8 48. Ng3 Bh4 49. Ne4 Kg7 50. Kd5 Kf8 51. Nf6 Kg7 52. Nd7 Bg5 53. Ke4 Bh4 54. Kf5 Bg5 55. Nf6 Bh4 56. Ne4 Be7 57. Nf6 Bd8 58. Ne8+ Kf8 59. Nd6 Kg7 60. Ke4 Bg5 61. Kd5 Kf8 62. Nf5 Ke8 63. Kd6 Bf4 64. Kd5 Bg5 65. Kd6 Bf4 66. Kd5 Bg5 1/2-1/2

[Event "Titled Tuesday 2022.05.17 Late"]
[Site "chess.com INT"]
[Date "2022.05.17"]
[Round "7"]
[White "Hansen, Eric"]
[Black "Martinez Alcantara, Jose Eduardo"]
[Result "1-0"]
[WhiteElo "2606"]
[BlackElo "2591"]
[PlyCount "95"]
[GameId "2130307575914490"]
[EventDate "2022.05.17"]
[EventType "swiss (blitz)"]
[EventRounds "11"]
[EventCountry "NET"]
[SourceTitle "The Week in Chess 1437"]
[Source "Mark Crowther"]
[SourceDate "2022.05.23"]
[SourceVersion "1"]
[SourceVersionDate "2022.05.23"]
[SourceQuality "2"]

1. e4 c5 2. Nf3 d6 3. Bb5+ Nd7 4. c3 Ngf6 5. Qe2 a6 6. Ba4 e5 7. O-O Be7 8. d4 O-O 9. dxe5 Nxe5 10. Nxe5 dxe5 11. c4 Be6 12. Nc3 Qc7 13. Bc2 Rad8 14. Nd5 Bxd5 15. exd5 g6 16. Re1 Nd7 17. Bh6 Rfe8 18. Qg4 Nf6 19. Qf3 Nh5 20. g3 Bd6 21. Rad1 Qd7 22. Kh1 f5 23. Bg5 Rc8 24. Qg2 Rf8 25. f3 Nf6 26. b3 Rce8 27. Re2 Kg7 28. Rde1 h6 29. Bd2 Re7 30. Bc3 Rfe8 31. g4 fxg4 32. fxg4 Nh7 33. Qg3 Nf8 34. g5 Kh7 35. Qh4 Kg8 36. gxh6 Rf7 37. Rg1 Kh7 38. Bd2 Be7 39. Qg3 Rf6 40. Qxe5 Qh3 41. Qg3 Qh5 42. Qg4 Qxg4 43. Rxg4 Rf7 44. Rge4 Rf1+ 45. Kg2 Rf7 46. d6 Rd8 47. dxe7 Kg8 48. exd8=Q 1-0

[Event "Chess.com RCC Wk14 Swiss"]
[Site "chess.com INT"]
[Date "2022.05.14"]
[Round "2"]
[White "Hansen, Eric"]
[Black "Vokhidov, Shamsiddin"]
[Result "1/2-1/2"]
[WhiteElo "2606"]
[BlackElo "2536"]
[PlyCount "108"]
[GameId "2130307575939697"]
[EventDate "2022.05.14"]
[EventType "swiss (rapid)"]
[EventRounds "9"]
[EventCountry "NET"]
[SourceTitle "The Week in Chess 1436"]
[Source "Mark Crowther"]
[SourceDate "2022.05.16"]
[SourceVersion "2"]
[SourceVersionDate "2022.05.16"]
[SourceQuality "2"]

1. e4 c5 2. Nf3 Nc6 3. Bb5 Nf6 4. Bxc6 dxc6 5. d3 Bg4 6. Nbd2 Nd7 7. Nc4 Qc7 8. h3 Bh5 9. g4 Bg6 10. Nh4 e5 11. f4 exf4 12. Qf3 Bd6 13. Nxd6+ Qxd6 14. Qxf4 Ne5 15. Be3 O-O-O 16. O-O-O f6 17. Nf5 Qc7 18. Kb1 b6 19. Rhf1 Rhe8 20. Qg3 Kb7 21. b3 Qd7 22. g5 c4 23. bxc4 Bxf5 24. exf5 Qd6 25. Bc1 Nxc4 26. Qxd6 Nxd6 27. gxf6 gxf6 28. Bb2 Re2 29. Rf4 Rg8 30. Rh4 Nxf5 31. Rxh7+ Ka6 32. Bxf6 Rgg2 33. Rc1 Rh2 34. Rh5 Ne3 35. Re5 Rxh3 36. Bg5 Nd5 37. Rxe2 Nc3+ 38. Kb2 Nxe2 39. Re1 Rh2 40. Be3 c5 41. a4 Rg2 42. Kb3 Ng3 43. Bf4 Nf5 44. Be5 Rf2 45. Re4 Kb7 46. Bc3 a6 47. Re6 Rf4 48. a5 bxa5 49. Rf6 Nd4+ 50. Bxd4 Rxd4 51. Rf7+ Kc6 52. Rf6+ Kb7 53. Rf7+ Kb6 54. Rf6+ Kb7 1/2-1/2

[Event "Chess.com RCC Wk14 Swiss"]
[Site "chess.com INT"]
[Date "2022.05.14"]
[Round "5"]
[White "Hansen, Eric"]
[Black "Yang, Kaiqi"]
[Result "1-0"]
[WhiteElo "2606"]
[BlackElo "2481"]
[PlyCount "49"]
[GameId "2130307575939710"]
[EventDate "2022.05.14"]
[EventType "swiss (rapid)"]
[EventRounds "9"]
[EventCountry "NET"]
[SourceTitle "The Week in Chess 1436"]
[Source "Mark Crowther"]
[SourceDate "2022.05.16"]
[SourceVersion "2"]
[SourceVersionDate "2022.05.16"]
[SourceQuality "2"]

1. c4 e6 2. Nf3 d5 3. e3 Nf6 4. b3 c5 5. Bb2 Nc6 6. cxd5 exd5 7. Bb5 Be7 8. O-O O-O 9. h3 h6 10. d4 Ne4 11. dxc5 Bxc5 12. Nc3 Be6 13. Bd3 f5 14. Ne2 Qe8 15. Rc1 Bb6 16. Nf4 Rd8 17. Bb5 g5 18. Nxe6 Qxe6 19. Bxc6 bxc6 20. Nd4 Qf7 21. Nxc6 Rde8 22. Ne5 Qb7 23. Rc6 Rxe5 24. Rg6+ Kh7 25. Qh5 1-0

[Event "Chess.com RCC Wk14 Swiss"]
[Site "chess.com INT"]
[Date "2022.05.14"]
[Round "7"]
[White "Abdusattorov, Nodirbek"]
[Black "Hansen, Eric"]
[Result "1-0"]
[WhiteElo "2661"]
[BlackElo "2606"]
[PlyCount "95"]
[GameId "2130307575939718"]
[EventDate "2022.05.14"]
[EventType "swiss (rapid)"]
[EventRounds "9"]
[EventCountry "NET"]
[SourceTitle "The Week in Chess 1436"]
[Source "Mark Crowther"]
[SourceDate "2022.05.16"]
[SourceVersion "2"]
[SourceVersionDate "2022.05.16"]
[SourceQuality "2"]

1. c4 Nf6 2. Nc3 d5 3. cxd5 Nxd5 4. g3 g6 5. Bg2 Nxc3 6. bxc3 Bg7 7. h4 Nc6 8. h5 Qd7 9. Nf3 b6 10. d4 Bb7 11. h6 Bf6 12. e4 e5 13. d5 Na5 14. Bh3 Qe7 15. Qa4+ Kd8 16. O-O Qe8 17. Qb4 Be7 18. Qb1 f6 19. Rd1 Bc8 20. Bg2 Qa4 21. Qd3 Nc4 22. Bf1 Ba6 23. Be3 Bd6 24. Nd2 Nxe3 25. Qxe3 Bc8 26. Nc4 Ke7 27. Kg2 Bg4 28. Be2 Bc5 29. Qd3 Bd7 30. Rd2 Rhd8 31. Bd1 Qa6 32. Nxe5 Qxd3 33. Nxd3 Ba3 34. Bb3 a5 35. Re1 a4 36. Bd1 Bb5 37. Nf4 Bd7 38. Ne2 b5 39. Nd4 b4 40. c4 b3 41. Ree2 Bc1 42. Rd3 b2 43. Bc2 Kd6 44. Bb1 Kc5 45. Rc2 Rab8 46. f4 Bg4 47. Nc6 Be2 48. Rxe2 1-0

[Event "Titled Tuesday 2022.05.10 Late"]
[Site "chess.com INT"]
[Date "2022.05.10"]
[Round "9"]
[White "Hansen, Eric"]
[Black "Martinez Alcantara, Jose Eduardo"]
[Result "1/2-1/2"]
[WhiteElo "2606"]
[BlackElo "2591"]
[PlyCount "113"]
[GameId "2130307576035852"]
[EventDate "2022.05.10"]
[EventType "swiss (blitz)"]
[EventRounds "11"]
[EventCountry "NET"]
[SourceTitle "The Week in Chess 1436"]
[Source "Mark Crowther"]
[SourceDate "2022.05.16"]
[SourceVersion "2"]
[SourceVersionDate "2022.05.16"]
[SourceQuality "2"]

1. e4 c5 2. Nf3 d6 3. Bb5+ Nd7 4. c3 Ngf6 5. Qe2 a6 6. Ba4 b5 7. Bc2 Bb7 8. O-O e5 9. d4 Be7 10. d5 c4 11. b3 cxb3 12. axb3 O-O 13. b4 Rc8 14. Bb2 g6 15. Nbd2 Nb6 16. Rac1 Nh5 17. g3 Ng7 18. Bb3 Kh8 19. c4 bxc4 20. Nxc4 Nxc4 21. Bxc4 Qb6 22. Bc3 f5 23. Bd3 fxe4 24. Bxe4 Nh5 25. Bd2 Nf6 26. Bg5 Nxe4 27. Qxe4 Rxc1 28. Bxc1 Bf6 29. Bh6 Re8 30. Rc1 Qb5 31. Rd1 Kg8 32. h4 Qd7 33. Bg5 Bg7 34. h5 Qf5 35. Qxf5 gxf5 36. h6 Bf8 37. Nh4 e4 38. Bf4 Bc8 39. Rc1 Be7 40. Ng2 Kf7 41. Rc7 Kg6 42. Ra7 Bf6 43. Be3 Be5 44. Nh4+ Kh5 45. Rxh7 f4 46. gxf4 Bf6 47. Ng2 Bh3 48. Rc7 Rg8 49. Kh2 Bxg2 50. h7 Rg4 51. Rf7 Bf3 52. Rxf6 Rh4+ 53. Kg3 Rg4+ 54. Kh3 Rh4+ 55. Kg3 Rg4+ 56. Kh3 Rh4+ 57. Kg3 1/2-1/2

[Event "Titled Tuesday 2022.05.10 Late"]
[Site "chess.com INT"]
[Date "2022.05.10"]
[Round "11"]
[White "Demchenko, Anton"]
[Black "Hansen, Eric"]
[Result "0-1"]
[WhiteElo "2654"]
[BlackElo "2606"]
[PlyCount "88"]
[GameId "2130307576035895"]
[EventDate "2022.05.10"]
[EventType "swiss (blitz)"]
[EventRounds "11"]
[EventCountry "NET"]
[SourceTitle "The Week in Chess 1436"]
[Source "Mark Crowther"]
[SourceDate "2022.05.16"]
[SourceVersion "2"]
[SourceVersionDate "2022.05.16"]
[SourceQuality "2"]

1. e4 c5 2. Nf3 e6 3. g3 Nc6 4. Bg2 e5 5. O-O Nf6 6. d3 Be7 7. Nbd2 O-O 8. Nc4 d6 9. a4 Re8 10. Kh1 Bf8 11. Bg5 h6 12. Bxf6 Qxf6 13. c3 Be6 14. Ne3 Qd8 15. Nd2 a6 16. f4 b5 17. f5 Bd7 18. Nd5 Ne7 19. f6 Nxd5 20. exd5 g6 21. Be4 Kh7 22. Qh5 Qc8 23. axb5 Kh8 24. Qe2 axb5 25. Qf2 Kh7 26. h4 Bg4 27. Kh2 Qd7 28. Nf3 Kg8 29. Kg1 Ra4 30. b3 Raa8 31. Nh2 Bh3 32. Rfe1 b4 33. c4 Ra3 34. Rab1 Rea8 35. Rb2 Ra1 36. Rbe2 R8a3 37. Qf3 Rxe1+ 38. Rxe1 h5 39. Rb1 Bh6 40. Qf2 Qa7 41. Nf3 Ra1 42. Qb2 Ra2 43. Ng5 Rxb2 44. Rxb2 Qa1+ 0-1

[Event "Titled Tuesday 2022.05.03 Early"]
[Site "chess.com INT"]
[Date "2022.05.03"]
[Round "5"]
[White "Hansen, Eric"]
[Black "Karolczuk, Iwo"]
[Result "1-0"]
[WhiteElo "2606"]
[BlackElo "2319"]
[PlyCount "141"]
[GameId "2130307576164778"]
[EventDate "2022.05.03"]
[EventType "swiss (blitz)"]
[EventRounds "11"]
[EventCountry "NET"]
[SourceTitle "The Week in Chess 1435"]
[Source "Mark Crowther"]
[SourceDate "2022.05.09"]
[SourceVersion "2"]
[SourceVersionDate "2022.05.09"]
[SourceQuality "2"]

1. e4 c5 2. Nf3 d6 3. Bb5+ Nd7 4. c3 a6 5. Ba4 b5 6. Bc2 c4 7. b3 Bb7 8. O-O g6 9. bxc4 bxc4 10. Na3 Rc8 11. Rb1 Ba8 12. Qe2 Qc7 13. Ba4 Bg7 14. Qxc4 Qd8 15. Qe2 Ngf6 16. e5 dxe5 17. Nxe5 O-O 18. Nxd7 Nxd7 19. Nc4 Bd5 20. Bb3 Nc5 21. d4 Nxb3 22. axb3 Qc7 23. Ba3 Rfe8 24. Bc5 e5 25. Nd6 exd4 26. Nxe8 Qxc5 27. Nxg7 Kxg7 28. cxd4 Qc6 29. Qe3 Qb7 30. Rfc1 Rd8 31. Qe5+ Kg8 32. Rc7 Qb4 33. Qf6 Rf8 34. h4 h5 35. Qe5 Be6 36. Rc6 Bf5 37. Rb2 Qa3 38. d5 Qa1+ 39. Kh2 a5 40. Re2 Qd1 41. Re3 a4 42. bxa4 Qxa4 43. Qg3 Rd8 44. Rc5 Qd4 45. Rec3 Rxd5 46. R3c4 Qd1 47. Rxd5 Qxd5 48. Rb4 Kh7 49. Qf4 Be6 50. Qd4 Qxd4 51. Rxd4 Kh6 52. Re4 g5 53. hxg5+ Kxg5 54. Re5+ Kg6 55. Kg3 Bc4 56. Kh4 f5 57. Rc5 Be2 58. Rc6+ Kf7 59. Kg5 Ke7 60. g3 Bg4 61. Rh6 Kf7 62. Kf4 Kg7 63. Rd6 Kf7 64. f3 Bh3 65. Ke5 Ke7 66. Rh6 Bg2 67. Kf4 Kf7 68. Rxh5 Kg6 69. Rg5+ Kh6 70. Rxf5 Bh3 71. g4 1-0

[Event "Titled Tuesday 2022.04.12 Early"]
[Site "chess.com INT"]
[Date "2022.04.12"]
[Round "3"]
[White "Hansen, Eric"]
[Black "Potapova, Margarita"]
[Result "1-0"]
[WhiteElo "2606"]
[BlackElo "2249"]
[PlyCount "99"]
[GameId "2130307576794284"]
[EventDate "2022.04.12"]
[EventType "swiss (blitz)"]
[EventRounds "11"]
[EventCountry "NET"]
[SourceTitle "The Week in Chess 1432"]
[Source "Mark Crowther"]
[SourceDate "2022.04.18"]
[SourceVersion "1"]
[SourceVersionDate "2022.04.18"]
[SourceQuality "2"]

1. e4 c5 2. Nf3 d6 3. Bb5+ Nd7 4. c3 Ngf6 5. Qe2 a6 6. Ba4 b5 7. Bc2 Bb7 8. O-O e6 9. d4 Qc7 10. Bd3 Be7 11. Re1 e5 12. d5 c4 13. Bc2 O-O 14. b3 Nb6 15. h3 Nfd7 16. Be3 g6 17. Na3 cxb3 18. Bxb3 Nc5 19. Nd2 Bc8 20. Bh6 Re8 21. Qe3 Nca4 22. c4 b4 23. Nc2 a5 24. f4 Bf6 25. Kh1 Qc5 26. Qf3 Nc3 27. Rf1 Ra7 28. a3 exf4 29. axb4 Qc7 30. Bxf4 axb4 31. c5 Rxa1 32. Rxa1 Nd7 33. Bxd6 Qd8 34. Rf1 Ba6 35. Rf2 Kg7 36. Nxb4 Bb5 37. Nc6 Bxc6 38. dxc6 Ne5 39. Qxc3 Ng4 40. Rxf6 Nxf6 41. e5 Nh5 42. e6+ f6 43. c7 Qa8 44. Qf3 Qa1+ 45. Kh2 Qd4 46. Qb7 Nf4 47. c8=Q+ Kh6 48. Qxe8 Ne2 49. Qf8+ Kg5 50. Nf3+ 1-0

[Event "Chess.com Rapid Wk9 Swiss"]
[Site "chess.com INT"]
[Date "2022.04.09"]
[Round "1"]
[White "Hansen, Eric"]
[Black "Xiong, Jeffery"]
[Result "0-1"]
[WhiteElo "2606"]
[BlackElo "2685"]
[PlyCount "100"]
[GameId "2130307576894285"]
[EventDate "2022.04.09"]
[EventType "swiss (rapid)"]
[EventRounds "9"]
[EventCountry "NET"]
[SourceTitle "The Week in Chess 1431"]
[Source "Mark Crowther"]
[SourceDate "2022.04.11"]
[SourceVersion "1"]
[SourceVersionDate "2022.04.11"]
[SourceQuality "2"]

1. e4 c5 2. Nf3 d6 3. Bb5+ Bd7 4. Bxd7+ Nxd7 5. O-O Ngf6 6. Re1 e6 7. b3 Be7 8. Bb2 a6 9. d4 cxd4 10. Nxd4 Nc5 11. Qf3 O-O 12. Nd2 Rc8 13. a4 Re8 14. h3 Nfd7 15. Qg3 Ne5 16. a5 Bf6 17. Qe3 Ng6 18. Nc4 Rc7 19. Rad1 Qe7 20. Ba3 Bg5 21. Qe2 Ne5 22. Nb6 Qf6 23. g3 Qg6 24. Kh2 Be7 25. f4 Ned7 26. b4 e5 27. fxe5 Ne6 28. Nd5 Nxd4 29. Rxd4 Rc6 30. b5 axb5 31. Nxe7+ Rxe7 32. exd6 Re5 33. Qd3 Qe6 34. c3 Rh5 35. g4 Qxg4 36. Qg3 Qe6 37. Bb4 h6 38. Rg1 Rg5 39. Qf4 Rxg1 40. Kxg1 Qxh3 41. Qf5 Qg3+ 42. Kf1 Ne5 43. d7 Nxd7 44. Rxd7 Rg6 45. Bc5 Qxc3 46. Bf2 Qc4+ 47. Ke1 Qb4+ 48. Kf1 Qb1+ 49. Ke2 Qa2+ 50. Ke1 b4 0-1

[Event "Chess.com Rapid Wk9 Swiss"]
[Site "chess.com INT"]
[Date "2022.04.09"]
[Round "5"]
[White "Hansen, Eric"]
[Black "Deac, Bogdan Daniel"]
[Result "1-0"]
[WhiteElo "2606"]
[BlackElo "2679"]
[PlyCount "55"]
[GameId "2130307576894294"]
[EventDate "2022.04.09"]
[EventType "swiss (rapid)"]
[EventRounds "9"]
[EventCountry "NET"]
[SourceTitle "The Week in Chess 1431"]
[Source "Mark Crowther"]
[SourceDate "2022.04.11"]
[SourceVersion "1"]
[SourceVersionDate "2022.04.11"]
[SourceQuality "2"]

1. e4 e5 2. Nf3 Nc6 3. Bb5 Nf6 4. d3 Bc5 5. c3 d5 6. exd5 Qxd5 7. Bc4 Qd6 8. Nbd2 O-O 9. Qe2 a6 10. b4 Ba7 11. a4 b5 12. Bb3 Be6 13. Bc2 Nd5 14. Ne4 Qd7 15. Bd2 h6 16. O-O Bb6 17. Ng3 Rae8 18. axb5 axb5 19. Rae1 f5 20. Qd1 Qd6 21. Nh4 Nf4 22. Bxf4 exf4 23. Ngxf5 Qd7 24. d4 Nd8 25. Qg4 Rf6 26. d5 Bxf5 27. Bxf5 Qf7 28. Bg6 1-0

[Event "Chess.com Rapid Wk9 Swiss"]
[Site "chess.com INT"]
[Date "2022.04.09"]
[Round "9"]
[White "Hansen, Eric"]
[Black "Abdusattorov, Nodirbek"]
[Result "0-1"]
[WhiteElo "2606"]
[BlackElo "2661"]
[PlyCount "126"]
[GameId "2130307576894303"]
[EventDate "2022.04.09"]
[EventType "swiss (rapid)"]
[EventRounds "9"]
[EventCountry "NET"]
[SourceTitle "The Week in Chess 1431"]
[Source "Mark Crowther"]
[SourceDate "2022.04.11"]
[SourceVersion "1"]
[SourceVersionDate "2022.04.11"]
[SourceQuality "2"]

1. e4 c5 2. Nf3 g6 3. c4 Bg7 4. d4 cxd4 5. Nxd4 Nc6 6. Be3 Qb6 7. Nb5 Qa5+ 8. N1c3 Nf6 9. Bd2 O-O 10. Be2 a6 11. Nd5 Qd8 12. Nbc3 d6 13. Be3 Nd7 14. Qd2 Nc5 15. Bh6 Bxh6 16. Qxh6 e6 17. Nf4 Nd4 18. Rd1 e5 19. Nfd5 f5 20. h4 fxe4 21. b4 Nxe2 22. bxc5 Nxc3 23. Nxc3 Qa5 24. Qd2 Bg4 25. Nxe4 Qxd2+ 26. Rxd2 dxc5 27. f3 Bf5 28. Nxc5 Rf7 29. Rd5 Rc8 30. O-O b6 31. Na4 Rxc4 32. Nxb6 Rb4 33. Rd6 Rb2 34. Rf2 Rb1+ 35. Kh2 e4 36. Nd5 exf3 37. Rxf3 a5 38. Ra6 Rb5 39. Nf6+ Kf8 40. Re3 Rb4 41. Kg3 Kg7 42. Ne8+ Kh6 43. Nf6 Ra4 44. a3 Kg7 45. Ne8+ Kh6 46. Nf6 Rc4 47. Rf3 a4 48. Rd6 Kg7 49. Nd5 Rg4+ 50. Kf2 Rxh4 51. Ne3 Bc8 52. Rxf7+ Kxf7 53. Rc6 Be6 54. Rc7+ Kf6 55. Ra7 h5 56. g3 Rd4 57. Ke2 g5 58. Nc2 Rc4 59. Kd3 Rg4 60. Ne3 Rxg3 61. Ke4 h4 62. Nd5+ Bxd5+ 63. Kxd5 Rxa3 0-1

[Event "Titled Tuesday 2022.04.05 Early"]
[Site "chess.com INT"]
[Date "2022.04.05"]
[Round "3"]
[White "Hansen, Eric"]
[Black "Rastbod, Ali"]
[Result "1-0"]
[WhiteElo "2606"]
[BlackElo "2345"]
[PlyCount "57"]
[GameId "2130307577061049"]
[EventDate "2022.04.05"]
[EventType "swiss (blitz)"]
[EventRounds "11"]
[EventCountry "NET"]
[SourceTitle "The Week in Chess 1431"]
[Source "Mark Crowther"]
[SourceDate "2022.04.11"]
[SourceVersion "1"]
[SourceVersionDate "2022.04.11"]
[SourceQuality "2"]

1. e4 e6 2. d4 d5 3. Nc3 Bb4 4. e5 b6 5. a3 Bf8 6. Bb5+ c6 7. Ba4 Ne7 8. Nce2 Ba6 9. c3 Bb5 10. Bc2 c5 11. Nf3 Nbc6 12. O-O Rc8 13. Re1 Ng6 14. g3 Be7 15. h4 O-O 16. h5 Nh8 17. Nf4 cxd4 18. cxd4 Qc7 19. Be3 Nxe5 20. dxe5 Qxc2 21. Qxc2 Rxc2 22. Nd4 Rc5 23. b4 Ba4 24. bxc5 bxc5 25. Nf5 exf5 26. Nxd5 Bd8 27. Bxc5 Re8 28. Bxa7 Ba5 29. Rec1 1-0

[Event "Chess.com Rapid Wk8 Swiss"]
[Site "chess.com INT"]
[Date "2022.04.02"]
[Round "6"]
[White "Hansen, Eric"]
[Black "Bortnyk, Olexandr"]
[Result "0-1"]
[WhiteElo "2606"]
[BlackElo "2604"]
[PlyCount "110"]
[GameId "2130307577094640"]
[EventDate "2022.04.02"]
[EventType "swiss (rapid)"]
[EventRounds "9"]
[EventCountry "NET"]
[SourceTitle "The Week in Chess 1430"]
[Source "Mark Crowther"]
[SourceDate "2022.04.04"]
[SourceVersion "1"]
[SourceVersionDate "2022.04.04"]
[SourceQuality "2"]

1. d4 d6 2. e4 Nf6 3. Nc3 e5 4. Nf3 Nbd7 5. Bc4 Be7 6. a4 c6 7. O-O h6 8. Re1 Qc7 9. h3 g5 10. d5 Nf8 11. a5 c5 12. a6 b6 13. Nb5 Qd8 14. Nxe5 dxe5 15. d6 Be6 16. dxe7 Qxd1 17. exf8=Q+ Kxf8 18. Rxd1 Bxc4 19. Nd6 Be6 20. b3 Ne8 21. Nb5 f6 22. Ba3 Rh7 23. b4 cxb4 24. Bxb4+ Kg8 25. c3 Rd7 26. Rxd7 Bxd7 27. Nd6 Nxd6 28. Bxd6 Bb5 29. f3 Kf7 30. Bb4 Rd8 31. h4 gxh4 32. Kh2 Kg6 33. Ra2 Bc4 34. Rf2 Kg5 35. f4+ exf4 36. e5 Rd5 37. exf6 Rf5 38. Be7 Kg4 39. Rd2 Bxa6 40. Ra2 Bc4 41. Rxa7 f3 42. gxf3+ Rxf3 43. Rd7 Rf2+ 44. Kg1 Rf4 45. Kh2 b5 46. Rd2 h3 47. Rb2 Rf3 48. Rd2 Kh5 49. Rd4 Be6 50. Re4 Rf2+ 51. Kg1 Rg2+ 52. Kf1 Rg5 53. Kf2 h2 54. Re1 Bd5 55. Bd6 h1=Q 0-1

[Event "Charity Cup Prelim"]
[Site "chess24.com INT"]
[Date "2022.03.19"]
[Round "1.1"]
[White "Hansen, Eric"]
[Black "Niemann, Hans Moke"]
[Result "1/2-1/2"]
[WhiteElo "2606"]
[BlackElo "2642"]
[PlyCount "42"]
[GameId "2130307577481114"]
[EventDate "2022.03.19"]
[EventType "tourn (rapid)"]
[EventRounds "15"]
[EventCountry "GER"]
[EventCategory "18"]
[SourceTitle "The Week in Chess 1428"]
[Source "Mark Crowther"]
[SourceDate "2022.03.21"]
[SourceVersion "1"]
[SourceVersionDate "2022.03.21"]
[SourceQuality "2"]

1. e4 e5 2. Nf3 Nc6 3. Bc4 Nf6 4. d3 Bc5 5. c3 O-O 6. O-O d5 7. exd5 Nxd5 8. Re1 Bg4 9. h3 Bh5 10. Nbd2 Nb6 11. Bb3 Qxd3 12. Nxe5 Qf5 13. Nef3 Rfe8 14. g4 Bxg4 15. hxg4 Qxg4+ 16. Kh1 Ne5 17. Nxe5 Qh3+ 18. Kg1 Qg3+ 19. Kh1 Qh3+ 20. Kg1 Qg3+ 21. Kh1 Qh3+ 1/2-1/2

[Event "Charity Cup Prelim"]
[Site "chess24.com INT"]
[Date "2022.03.19"]
[Round "2.8"]
[White "Hansen, Eric"]
[Black "Ding, Liren"]
[Result "0-1"]
[WhiteElo "2606"]
[BlackElo "2799"]
[PlyCount "88"]
[GameId "2130307577481126"]
[EventDate "2022.03.19"]
[EventType "tourn (rapid)"]
[EventRounds "15"]
[EventCountry "GER"]
[EventCategory "18"]
[SourceTitle "The Week in Chess 1428"]
[Source "Mark Crowther"]
[SourceDate "2022.03.21"]
[SourceVersion "1"]
[SourceVersionDate "2022.03.21"]
[SourceQuality "2"]

1. e4 e5 2. Nf3 Nc6 3. Bc4 Nf6 4. d3 Bc5 5. O-O O-O 6. h3 d6 7. c3 a5 8. Re1 h6 9. Nbd2 Be6 10. Bb5 Qb8 11. Bxc6 bxc6 12. d4 exd4 13. cxd4 Bb6 14. b3 Re8 15. Bb2 d5 16. e5 Nd7 17. Nf1 c5 18. Ng3 cxd4 19. Nxd4 Bxd4 20. Qxd4 c5 21. Qd2 a4 22. f4 d4 23. bxa4 Rxa4 24. Qf2 f5 25. exf6 Nxf6 26. Re5 Bd5 27. Rxe8+ Qxe8 28. Re1 Qd7 29. a3 Ra8 30. Qc2 Rb8 31. Ba1 Rb3 32. Kh2 Qd6 33. Re5 Rb7 34. Nf5 Qf8 35. Qe2 Kh8 36. a4 Rb1 37. Bb2 Qb8 38. Ba3 Ra1 39. Qd3 Ra2 40. Nh4 c4 41. Qg3 c3 42. Qg6 Rxa3 43. Nf5 Qf8 44. Ne7 Bf7 0-1

[Event "Charity Cup Prelim"]
[Site "chess24.com INT"]
[Date "2022.03.19"]
[Round "4.7"]
[White "Hansen, Eric"]
[Black "Navara, D."]
[Result "1-0"]
[WhiteElo "2606"]
[BlackElo "2700"]
[PlyCount "145"]
[GameId "2130307577481138"]
[EventDate "2022.03.19"]
[EventType "tourn (rapid)"]
[EventRounds "15"]
[EventCountry "GER"]
[EventCategory "18"]
[SourceTitle "The Week in Chess 1428"]
[Source "Mark Crowther"]
[SourceDate "2022.03.21"]
[SourceVersion "1"]
[SourceVersionDate "2022.03.21"]
[SourceQuality "2"]

1. e4 c5 2. Nf3 d6 3. Bb5+ Bd7 4. Bxd7+ Qxd7 5. c4 Nf6 6. Nc3 Nc6 7. O-O Nd4 8. d3 Nxf3+ 9. Qxf3 g6 10. Rb1 Bg7 11. b4 Ng4 12. Bd2 Ne5 13. Qg3 h5 14. h3 h4 15. Qe3 Nc6 16. a3 Nd4 17. Rfc1 Rc8 18. Kh1 e6 19. f4 f5 20. Be1 Kf7 21. Bf2 b6 22. Qe1 Bh6 23. Be3 Qe7 24. a4 fxe4 25. dxe4 Rhf8 26. bxc5 dxc5 27. a5 Kg8 28. axb6 axb6 29. f5 Bxe3 30. Qxe3 gxf5 31. Rxb6 f4 32. Qf2 Qg5 33. Rg1 Qg3 34. Qb2 Rc7 35. Ne2 Qf2 36. Nxd4 Qxb2 37. Rxb2 cxd4 38. Rb4 Rfc8 39. Rc1 Kf7 40. Kg1 Kf6 41. Kf2 Ke5 42. Kf3 Rc5 43. Rcb1 Rg8 44. Rb5 Rg3+ 45. Kf2 Rxb5 46. cxb5 Kxe4 47. b6 Rg8 48. b7 Rb8 49. Ke2 e5 50. Rb4 Kd5 51. Rb5+ Kc4 52. Rb6 d3+ 53. Kf3 Kc5 54. Rb1 Kd4 55. Rb6 e4+ 56. Kxf4 Rf8+ 57. Kg4 e3 58. Rd6+ Ke4 59. Re6+ Kd4 60. Rd6+ Kc4 61. Rc6+ Kd5 62. Rc8 d2 63. Rxf8 d1=Q+ 64. Kg5 e2 65. b8=Q Qd2+ 66. Kh5 e1=Q 67. Qb5+ Kd4 68. Rd8+ Ke4 69. Qc4+ Ke3 70. Re8+ Kf2 71. Qxh4+ Kxg2 72. Rxe1 Qd5+ 73. Qg5+ 1-0

[Event "Charity Cup Prelim"]
[Site "chess24.com INT"]
[Date "2022.03.20"]
[Round "5.3"]
[White "Rapport, R."]
[Black "Hansen, Eric"]
[Result "1-0"]
[WhiteElo "2762"]
[BlackElo "2606"]
[PlyCount "75"]
[GameId "2130307577481142"]
[EventDate "2022.03.19"]
[EventType "tourn (rapid)"]
[EventRounds "15"]
[EventCountry "GER"]
[EventCategory "18"]
[SourceTitle "The Week in Chess 1428"]
[Source "Mark Crowther"]
[SourceDate "2022.03.21"]
[SourceVersion "1"]
[SourceVersionDate "2022.03.21"]
[SourceQuality "2"]

1. e3 Nf6 2. c4 e5 3. Nc3 Bb4 4. Nge2 O-O 5. a3 Bxc3 6. Nxc3 d5 7. cxd5 Nxd5 8. Qc2 Nc6 9. Nxd5 Qxd5 10. b4 Re8 11. f3 Qd6 12. Bb2 Bd7 13. Rc1 Rac8 14. Bd3 h6 15. O-O a5 16. b5 Nd8 17. f4 e4 18. Bxe4 Bxb5 19. Rf3 Rxe4 20. Qxe4 Bc6 21. Qf5 Qe6 22. Qxe6 Nxe6 23. Rf2 f5 24. h3 h5 25. Kh2 Kf7 26. Kg3 Be4 27. Kh4 c5 28. a4 Bc6 29. g4 hxg4 30. hxg4 Kg6 31. d3 Rh8+ 32. Kg3 fxg4 33. Kxg4 Nc7 34. Rxc5 Nd5 35. e4 Ne3+ 36. Kf3 Rh3+ 37. Ke2 Kf7 38. Rf3 1-0